Griechenland, Zypern oder Türkei? - Statistiken

Allgemein
  • Dieses Quiz wurde 124 mal gespielt
  • Das Durchschnittsergebnis liegt bei 9 aus 12
Antwortstatistiken
Frage Antwort % Korrekt
...das über die meisten Inseln verfügt. Griechenland🇬🇷
99%
...das sich über die größte Fläche erstreckt. Türkei🇹🇷
98%
...in dem die meisten Menschen leben. Türkei🇹🇷
96%
...das kein Mitglied der Europäischen Union ist. Türkei🇹🇷
92%
...das am wenigsten Nachbarländer hat. Zypern🇨🇾
92%
...das den Euro als offizielle Währung zuerst einführte. Griechenland🇬🇷
89%
...das nicht Teil der NATO ist. Zypern🇨🇾
75%
...das bisher noch nie den ESC gewonnen hat. Zypern🇨🇾
65%
...dessen Bruttoinlandsprodukt am höchsten ist. Türkei🇹🇷
56%
...das die längste Küstenlänge besitzt. Griechenland🇬🇷
54%
...das als erstes Land dieser Länder offiziell die Unabhängigkeit erlangte. Griechenland🇬🇷
53%
...in dem die griechische Göttin Aphrodite angeblich geboren wurde. Zypern🇨🇾
34%
Keine übereinstimmenden Quizze gefunden
Verteilung der Resultate
Anzahl Personen mit jedem Resultat
Perzentil nach korrekt beantworteten Fragen
Ihre Resultats-Entwicklung
Sie haben dieses Quiz noch nicht gespielt